[Event "4NCL Online Division 2"]
[Site "online"]
[Date "2020.05.26"]
[Round "8.94"]
[White "Paulden, Tim"]
[Black "Hunt, Peter"]
[Result "1/2-1/2"]
[WhiteElo "2057"]
[BlackElo "2020"]
[PlyCount "65"]
[EventDate "2020.05.26"]
[WhiteTeam "Exeter Honey Badgers"]
[BlackTeam "MK Phoenix 1"]

1. b3 e5 2. Bb2 d6 3. e3 Nc6 4. Ne2 Nf6 5. d4 exd4 6. Nxd4 Nxd4 7. Qxd4 Be7 8.
c4 O-O 9. Nc3 Ne8 10. Nd5 Bf6 11. Nxf6+ Qxf6 12. Qxf6 Nxf6 13. Bxf6 gxf6 14.
Be2 Bd7 15. Bf3 Bc6 16. Bxc6 bxc6 17. Kd2 a5 18. Kc3 c5 19. Rhd1 Rfe8 20. Rd5
Re5 21. Rad1 Kg7 22. R1d3 Rae8 23. Kb2 Rb8 24. Ka3 Rb4 25. Rxe5 fxe5 26. e4 a4
27. Rg3+ Kf8 28. Rh3 Kg7 29. Rg3+ Kf8 30. h4 h6 31. h5 axb3 32. axb3 Rb8 33.
Ka4 1/2-1/2

[Event "4NCL Online Division 2"]
[Site "online"]
[Date "2020.05.26"]
[Round "8.101"]
[White "Villiers, Thomas"]
[Black "Bak, Christopher"]
[Result "1-0"]
[WhiteElo "2252"]
[BlackElo "2095"]
[PlyCount "69"]
[EventDate "2020.05.26"]
[WhiteTeam "Mushrooms 1"]
[BlackTeam "Bradford DCA Knights A"]

1. c4 c5 2. Nc3 Nc6 3. g3 g6 4. Bg2 Bg7 5. e3 Nh6 6. Nge2 Nf5 7. O-O O-O 8. b3
d6 9. Bb2 e5 10. Nd5 Rb8 11. Nec3 Nfe7 12. a3 Be6 13. Qe2 a6 14. f4 exf4 15.
Nxf4 Bd7 16. d3 b5 17. Ne4 Ne5 18. d4 Bg4 19. Qf2 Nd7 20. Nxd6 bxc4 21. Nxc4
Rxb3 22. h3 Be6 23. d5 Bf5 24. Bxg7 Kxg7 25. e4 g5 26. Nh5+ Kh6 27. exf5 Kxh5
28. Qe2+ Kh6 29. f6 Ng8 30. h4 Rxg3 31. Ne3 Re8 32. Nf5+ Kg6 33. h5+ Kxf6 34.
Nxg3+ Kg7 35. Qb2+ 1-0

[Event "4NCL Online Division 2"]
[Site "online"]
[Date "2020.05.26"]
[Round "8.102"]
[White "Ther, Mate"]
[Black "Wilson, David Jn"]
[Result "1/2-1/2"]
[WhiteElo "2080"]
[BlackElo "2050"]
[PlyCount "98"]
[EventDate "2020.05.26"]
[WhiteTeam "Bradford DCA Knights A"]
[BlackTeam "Mushrooms 1"]

1. e4 c5 2. Nf3 g6 3. d4 cxd4 4. Nxd4 Bg7 5. Be3 Nf6 6. f3 O-O 7. Qd2 a6 8. c4
Nc6 9. Nc3 Qa5 10. Be2 d6 11. O-O Bd7 12. Rfd1 Rfe8 13. Rac1 Rac8 14. a3 Ne5
15. Nb3 Qc7 16. Nd5 Nxd5 17. cxd5 Qb8 18. Nd4 Rxc1 19. Rxc1 Rc8 20. Rxc8+ Qxc8
21. b3 h5 22. Qc2 Qxc2 23. Nxc2 e6 24. dxe6 fxe6 25. Bd4 Bc6 26. Kf2 d5 27.
exd5 Bxd5 28. f4 Bxb3 29. fxe5 Bxc2 30. Bf3 b5 31. Bc3 Bf8 32. Bb4 a5 33. Bxf8
Kxf8 34. Ke3 b4 35. axb4 axb4 36. Kd2 b3 37. Kc3 Kg7 38. Be2 Kh6 39. Bc4 Kg5
40. Bxe6 Kf4 41. Bxb3 Bxb3 42. Kxb3 Kxe5 43. Kc3 Ke4 44. Kd2 h4 45. Ke2 g5 46.
h3 Kf4 47. Kf2 g4 48. hxg4 Kxg4 49. Kg1 Kg3 1/2-1/2

[Event "4NCL Online Division 2"]
[Site "online"]
[Date "2020.05.26"]
[Round "8.103"]
[White "Linton, William A"]
[Black "Johnson, Paul A"]
[Result "1/2-1/2"]
[WhiteElo "2027"]
[BlackElo "1812"]
[PlyCount "47"]
[EventDate "2020.05.26"]
[WhiteTeam "Mushrooms 1"]
[BlackTeam "Bradford DCA Knights A"]

1. e4 e5 2. Nf3 Nc6 3. d4 exd4 4. c3 d3 5. Bxd3 d6 6. O-O Nf6 7. Re1 Be7 8. Bg5
O-O 9. Nbd2 h6 10. Bh4 Be6 11. Qc2 Qd7 12. Rad1 Rad8 13. Nb3 Qc8 14. Nbd4 Ne5
15. Nxe5 dxe5 16. Nf5 Rfe8 17. Nxe7+ Rxe7 18. Bxf6 gxf6 19. Re3 Kh7 20. Be2
Red7 21. Red3 Rxd3 22. Rxd3 Rxd3 23. Bxd3 c5 24. c4 1/2-1/2

[Event "4NCL Online Division 2"]
[Site "online"]
[Date "2020.05.26"]
[Round "8.104"]
[White "Holliday, John K"]
[Black "Nash, Richard J"]
[Result "0-1"]
[WhiteElo "1798"]
[BlackElo "1937"]
[PlyCount "88"]
[EventDate "2020.05.26"]
[WhiteTeam "Bradford DCA Knights A"]
[BlackTeam "Mushrooms 1"]

1. e4 c5 2. Nf3 d6 3. d4 cxd4 4. Nxd4 Nf6 5. Nc3 g6 6. f4 Bg7 7. Bd3 Nbd7 8.
Be3 O-O 9. O-O Nc5 10. f5 Nxd3 11. cxd3 a6 12. Rb1 b5 13. g4 Bb7 14. g5 Nd7 15.
Qb3 Nc5 16. Qd1 b4 17. Nce2 Rc8 18. Qd2 d5 19. Qxb4 dxe4 20. dxe4 Bxe4 21. Rbc1
Nd3 22. Rxc8 Nxb4 23. Rxd8 Rxd8 24. f6 exf6 25. gxf6 Bf8 26. a3 Nd5 27. Bd2 Bc5
28. Bc3 Nxc3 29. bxc3 Bd3 30. Re1 Bxa3 31. Nc6 Re8 32. Ra1 Bc5+ 33. Ned4 h5 34.
Nb4 Bxb4 35. cxb4 Re4 36. Nc6 Re6 37. Ne7+ Kh7 38. Nd5 Bc4 39. Ne7 Rxf6 40. Rc1
Bb5 41. Rc7 Kg7 42. Nd5 Rf1+ 43. Kg2 Rd1 44. Nc3 Rd4 0-1

[Event "4NCL Online Division 2"]
[Site "online"]
[Date "2020.05.26"]
[Round "8.111"]
[White "Olehnovics, Andrejs"]
[Black "Carroll, Peter"]
[Result "1/2-1/2"]
[WhiteElo "2035"]
[BlackElo "2009"]
[PlyCount "189"]
[EventDate "2020.05.26"]
[WhiteTeam "Oxford 2"]
[BlackTeam "Gonzaga C-ing is Believing"]

1. d4 Nf6 2. Nf3 e6 3. c4 Bb4+ 4. Bd2 a5 5. e3 d6 6. Nc3 O-O 7. Qc2 Nbd7 8. Bd3
e5 9. O-O Re8 10. Ne4 Nxe4 11. Bxe4 Nf6 12. a3 Bxd2 13. Nxd2 exd4 14. exd4 Nxe4
15. Nxe4 Bf5 16. f3 d5 17. cxd5 Qxd5 18. Rad1 Bxe4 19. fxe4 Rxe4 20. Qxc7 Rxd4
21. Rxd4 Qxd4+ 22. Kh1 Qd5 23. Re1 Qc6 24. Qe7 h6 25. h3 Qb5 26. Re2 Ra6 27.
Rf2 f5 28. Qd8+ Kh7 29. Qd4 Rf6 30. b4 axb4 31. axb4 Qc6 32. Qe5 f4 33. Kh2 Qc4
34. b5 b6 35. Rf3 Qf7 36. Qe4+ Kg8 37. Rc3 Qe6 38. Qa8+ Rf8 39. Qf3 Qe5 40. Rb3
Rc8 41. h4 h5 42. Rb4 Rf8 43. Re4 Qxb5 44. Rxf4 Qe5 45. g3 Qb2+ 46. Kh3 Rxf4
47. Qxf4 Qb1 48. Qf3 Qg6 49. Qd5+ Kh7 50. Qb5 Kh6 51. Qe5 Qf6 52. Qe3+ Kg6 53.
Qb3 Qf5+ 54. Kh2 Qf2+ 55. Kh3 Qf5+ 56. Kh2 b5 57. Qe3 Kh7 58. Qd4 Qc2+ 59. Kh3
Qc4 60. Qe5 Qg4+ 61. Kh2 b4 62. Qb5 Kh6 63. Qb6+ g6 64. Qe3+ g5 65. Qb6+ Kg7
66. Qc7+ Kf6 67. hxg5+ Kxg5 68. Qe5+ Kg6 69. Qd6+ Kf5 70. Qd5+ Kf6 71. Qd6+ Kf7
72. Qc7+ Ke6 73. Qc6+ Ke5 74. Qc5+ Ke6 75. Qc6+ Kf7 76. Qd5+ Ke7 77. Qb7+ Kd8
78. Qb8+ Ke7 79. Qb7+ Kf8 80. Qb8+ Kg7 81. Qb7+ Kh6 82. Qb6+ Kg5 83. Qb5+ Qf5
84. Qxb4 Qf2+ 85. Kh3 Qf1+ 86. Kh2 Qe2+ 87. Kh3 Qg4+ 88. Qxg4+ hxg4+ 89. Kg2
Kf5 90. Kf2 Ke4 91. Ke2 Kd4 92. Kd2 Ke4 93. Ke2 Kd4 94. Kd2 Ke4 95. Ke2 1/2-1/2

[Event "4NCL Online Division 2"]
[Site "online"]
[Date "2020.05.26"]
[Round "8.112"]
[White "Nolan, Dermot"]
[Black "Wilson, Edgar"]
[Result "1-0"]
[WhiteElo "1845"]
[BlackElo "2012"]
[PlyCount "117"]
[EventDate "2020.05.26"]
[WhiteTeam "Gonzaga C-ing is Believing"]
[BlackTeam "Oxford 2"]

1. e4 e6 2. d4 d5 3. Nc3 Bb4 4. e5 c5 5. a3 Bxc3+ 6. bxc3 Ne7 7. Qg4 Nf5 8. Bd3
h5 9. Qh3 Nc6 10. Bxf5 exf5 11. Ne2 f4 12. Qf3 g5 13. h4 Bg4 14. Qd3 c4 15. Qd1
Bxe2 16. Qxe2 Qa5 17. Bd2 g4 18. O-O O-O-O 19. Bxf4 Qxc3 20. Qe3 Nxd4 21. Rad1
Qxe3 22. Bxe3 Nxc2 23. Bxa7 Nxa3 24. Bb6 Rde8 25. Rxd5 Kb8 26. Ra5 Nc2 27. Bc5
b6 28. Bxb6 Nb4 29. Rb1 Nc6 30. Rd5 Re6 31. Bd8+ Kc8 32. Bf6 Rhe8 33. Rc5 Rxf6
34. exf6 Re6 35. Rxh5 Rxf6 36. Rc5 Kd7 37. Rxc4 Rg6 38. Rb7+ Ke8 39. Rb6 Ne5
40. Rxg6 Nxg6 41. Rxg4 Kf8 42. Rxg6 fxg6 43. Kh2 Kg7 44. Kg3 Kh6 45. Kg4 Kg7
46. Kg5 Kh7 47. h5 gxh5 48. Kxh5 Kg7 49. f4 Kf6 50. g4 Kg7 51. g5 Kh7 52. f5
Kg7 53. g6 Kg8 54. Kh6 Kh8 55. f6 Kg8 56. f7+ Kf8 57. Kh7 Ke7 58. g7 Kxf7 59.
g8=Q+ 1-0

[Event "4NCL Online Division 2"]
[Site "online"]
[Date "2020.05.26"]
[Round "8.113"]
[White "Terry, Sean"]
[Black "Nolan, Conor"]
[Result "0-1"]
[WhiteElo "1931"]
[BlackElo "1884"]
[PlyCount "104"]
[EventDate "2020.05.26"]
[WhiteTeam "Oxford 2"]
[BlackTeam "Gonzaga C-ing is Believing"]

1. e4 c6 2. Nc3 d5 3. Nf3 dxe4 4. Nxe4 Nf6 5. Bd3 Nbd7 6. Qe2 Nxe4 7. Bxe4 Nf6
8. Bd3 Bg4 9. h3 Bxf3 10. Qxf3 Qd5 11. Qxd5 Nxd5 12. a3 g6 13. b4 Bg7 14. Rb1
O-O 15. g3 Rfd8 16. O-O Rac8 17. Be4 Nf6 18. Bg2 Bh6 19. Re1 Kf8 20. d3 Bxc1
21. Rbxc1 a5 22. bxa5 Ra8 23. Rb1 Rd7 24. Rb3 Rxa5 25. Reb1 Ra7 26. Kf1 e6 27.
Ke2 Ke7 28. c4 Kd6 29. d4 Kc7 30. Ke3 Rd8 31. a4 Rb8 32. Rb4 Nd7 33. d5 c5 34.
Rb5 e5 35. a5 Ra6 36. f4 exf4+ 37. Kxf4 h6 38. h4 b6 39. axb6+ Raxb6 40. Bh3 f5
41. g4 fxg4 42. Bxg4 g5+ 43. hxg5 hxg5+ 44. Ke3 Rxb5 45. cxb5 Nb6 46. Ke4 Kd6
47. Be6 Ra8 48. Kf5 Ra4 49. Kxg5 Rb4 50. Rxb4 cxb4 51. Kf4 Nxd5+ 52. Kf5 b3 0-1

[Event "4NCL Online Division 2"]
[Site "online"]
[Date "2020.05.26"]
[Round "8.114"]
[White "Moran, Darragh"]
[Black "Finn, Chris"]
[Result "1/2-1/2"]
[WhiteElo "1868"]
[BlackElo "1877"]
[PlyCount "115"]
[EventDate "2020.05.26"]
[WhiteTeam "Gonzaga C-ing is Believing"]
[BlackTeam "Oxford 2"]

1. d4 e6 2. e4 d5 3. exd5 exd5 4. Nf3 Nf6 5. Bd3 Bd6 6. Qe2+ Qe7 7. Qxe7+ Bxe7
8. Bf4 c6 9. O-O O-O 10. Re1 Re8 11. Nbd2 Bg4 12. Ne5 Bh5 13. h3 Nbd7 14. g4
Bg6 15. Nxg6 hxg6 16. Nf3 Nb6 17. Kg2 Rad8 18. b3 Bb4 19. Rxe8+ Rxe8 20. Bd2
Bxd2 21. Nxd2 Nc8 22. f3 Nd6 23. a4 a6 24. Kf2 Kf8 25. Re1 Rxe1 26. Kxe1 Nfe8
27. Ke2 Nc7 28. Ke3 Ke7 29. f4 Ne6 30. Nf3 Nc7 31. Ne5 Nce8 32. g5 Nf5+ 33.
Bxf5 gxf5 34. Nd3 g6 35. Nc5 Nd6 36. Kf3 f6 37. h4 fxg5 38. fxg5 Kf7 39. Kf4
Ke7 40. Nd3 Kf7 41. Ke5 Ne4 42. Nc5 Nxc5 43. dxc5 Ke7 44. h5 gxh5 45. Kxf5 Kf7
46. g6+ Kg7 47. Kg5 h4 48. Kxh4 Kxg6 49. Kg4 Kf6 50. Kf4 Ke6 51. a5 Kf6 52. Ke3
Ke5 53. c3 Kf5 54. Kf3 Ke5 55. Ke3 Kf6 56. Kf4 Ke6 57. Ke3 Ke5 58. Kd3 1/2-1/2

[Event "4NCL Online Division 2"]
[Site "online"]
[Date "2020.05.26"]
[Round "8.121"]
[White "Brown, Thomas"]
[Black "Gayson, Peter M"]
[Result "0-1"]
[WhiteElo "2129"]
[BlackElo "2150"]
[PlyCount "44"]
[EventDate "2020.05.26"]
[WhiteTeam "Rhyfelwyr Essyllwg"]
[BlackTeam "Chessable White Rose 2"]

1. d4 f5 2. Bf4 d6 3. Nc3 Nf6 4. e3 g6 5. h4 h6 6. Nh3 Bg7 7. Bg3 O-O 8. Bc4+
e6 9. Nf4 Qe8 10. d5 e5 11. Ne6 Bxe6 12. dxe6 Qe7 13. f4 e4 14. h5 c6 15. Bh4
d5 16. Bxd5 cxd5 17. Nxd5 Qxe6 18. Nc7 Qc6 19. Nxa8 Nbd7 20. Bxf6 Nxf6 21. hxg6
Ng4 22. Nc7 Bxb2 0-1

[Event "4NCL Online Division 2"]
[Site "online"]
[Date "2020.05.26"]
[Round "8.122"]
[White "Edwards-Wright, Miles D"]
[Black "Garcia, Jason"]
[Result "1/2-1/2"]
[WhiteElo "1915"]
[BlackElo "2028"]
[PlyCount "104"]
[EventDate "2020.05.26"]
[WhiteTeam "Chessable White Rose 2"]
[BlackTeam "Rhyfelwyr Essyllwg"]

1. c4 c5 2. Nc3 Nf6 3. Nf3 e6 4. g3 b6 5. Bg2 Bb7 6. O-O Be7 7. d4 cxd4 8. Qxd4
d6 9. Bg5 a6 10. Rad1 Nbd7 11. Nd2 Bxg2 12. Kxg2 O-O 13. Nde4 Qc7 14. b3 h6 15.
Be3 Nxe4 16. Nxe4 Rad8 17. f3 Nc5 18. Nf2 a5 19. Qg4 f5 20. Qg6 Rf6 21. Qh5 a4
22. b4 Nd7 23. Rc1 Ne5 24. Nd3 Nxd3 25. exd3 Qb7 26. d4 e5 27. Rfe1 Rf7 28. Bf2
Qc7 29. Rc2 b5 30. Rec1 bxc4 31. Rxc4 Qb7 32. R1c2 a3 33. Rc7 Qb8 34. Qg6 Rf6
35. Qh5 Rf7 36. dxe5 dxe5 37. Be1 Rdf8 38. Bd2 Bxb4 39. Rxf7 Rxf7 40. Bxb4 Qxb4
41. Rc8+ Rf8 42. Qxf5 Qb2+ 43. Kh3 Rxc8 44. Qxc8+ Kf7 45. Qc4+ Kg6 46. Qe6+ Kh7
47. g4 Qe2 48. Qf5+ Kg8 49. Qe6+ Kh7 50. Qf5+ Kg8 51. Qc8+ Kh7 52. Qf5+ Kg8
1/2-1/2

[Event "4NCL Online Division 2"]
[Site "online"]
[Date "2020.05.26"]
[Round "8.123"]
[White "Heaven, Pete"]
[Black "Wills, Tom"]
[Result "1-0"]
[WhiteElo "1979"]
[BlackElo "1967"]
[PlyCount "79"]
[EventDate "2020.05.26"]
[WhiteTeam "Rhyfelwyr Essyllwg"]
[BlackTeam "Chessable White Rose 2"]

1. e4 e5 2. Nf3 Nc6 3. Bb5 Nf6 4. O-O Nxe4 5. d4 Nd6 6. Bxc6 dxc6 7. dxe5 Nf5
8. Qe2 Nd4 9. Nxd4 Qxd4 10. h3 Be7 11. Rd1 Qb6 12. Nc3 O-O 13. b3 Be6 14. Bb2
Rad8 15. Ne4 Rxd1+ 16. Rxd1 Qa5 17. Bc3 Qb5 18. Qe3 a5 19. f4 Rd8 20. Rxd8+
Bxd8 21. Ng3 Bh4 22. f5 Bd7 23. e6 fxe6 24. fxe6 Be8 25. Kh2 Qd5 26. Qf4 Bxg3+
27. Qxg3 Bg6 28. Qxc7 Kf8 29. Qxg7+ Ke8 30. Qh8+ Ke7 31. Qf6+ Ke8 32. Be5 a4
33. bxa4 c5 34. c4 Qd2 35. e7 Bf7 36. Bd6 Qd4 37. Be5 Qxc4 38. Qh6 Kxe7 39.
Qd6+ Ke8 40. Bf6 1-0

[Event "4NCL Online Division 2"]
[Site "online"]
[Date "2020.05.26"]
[Round "8.131"]
[White "Brady, Stephen"]
[Black "Orlovska, Madara"]
[Result "1/2-1/2"]
[WhiteElo "2287"]
[BlackElo "2110"]
[PlyCount "120"]
[EventDate "2020.05.26"]
[WhiteTeam "St Benildus A"]
[BlackTeam "Catford Cosmonauts 1"]

1. e4 c5 2. c3 Qa5 3. Nf3 d6 4. Na3 Nf6 5. e5 dxe5 6. Nc4 Qc7 7. Ncxe5 e6 8. d4
cxd4 9. Qxd4 Bc5 10. Qh4 Bd6 11. Bb5+ Bd7 12. Nxd7 Nbxd7 13. O-O O-O-O 14. Bg5
Ne5 15. Nxe5 Bxe5 16. h3 a6 17. Be2 h6 18. Be3 g5 19. Qc4 Qxc4 20. Bxc4 Nd5 21.
Rad1 Nxe3 22. fxe3 Rxd1 23. Rxd1 Rd8 24. Rxd8+ Kxd8 25. Kf2 Ke7 26. Ke2 Kd6 27.
Kd3 f5 28. a4 Bf6 29. Ba2 e5 30. e4 f4 31. Bf7 Bd8 32. Kc4 Bb6 33. Bd5 Kc7 34.
b4 Be3 35. a5 Bd2 36. Bf7 Be1 37. Kb3 Kc6 38. c4 Bd2 39. Ka4 Be1 40. Be8+ Kc7
41. Bh5 Bd2 42. Bf7 Be1 43. b5 axb5+ 44. cxb5 Bf2 45. b6+ Kb8 46. Kb5 Bd4 47.
Bh5 Be3 48. Bg4 Bd4 49. Bd1 Be3 50. Be2 Bd4 51. Bf3 Be3 52. Bg4 Bd4 53. Bh5 Be3
54. Bg6 Bd4 55. Bf7 Be3 56. Be8 Bd4 57. Bg6 Be3 58. Bh5 Bd4 59. Bg6 Be3 60. Bf7
Bd4 1/2-1/2

[Event "4NCL Online Division 2"]
[Site "online"]
[Date "2020.05.26"]
[Round "8.132"]
[White "Robertson, Mark M"]
[Black "Ryan, Joseph"]
[Result "0-1"]
[WhiteElo "2050"]
[BlackElo "2271"]
[PlyCount "100"]
[EventDate "2020.05.26"]
[WhiteTeam "Catford Cosmonauts 1"]
[BlackTeam "St Benildus A"]

1. e4 Nc6 2. Nf3 d6 3. d4 Nf6 4. Nc3 g6 5. d5 Nb8 6. e5 dxe5 7. Nxe5 Bg7 8.
Bb5+ Nbd7 9. O-O O-O 10. Nxd7 Bxd7 11. Bc4 a6 12. Re1 b5 13. Bb3 c5 14. dxc6
Bxc6 15. Qxd8 Raxd8 16. Bg5 Rd7 17. Rad1 Rfd8 18. Rxd7 Rxd7 19. Rd1 Rxd1+ 20.
Nxd1 e6 21. c4 b4 22. f3 Nd7 23. Be3 a5 24. Bc2 Kf8 25. b3 Ke7 26. Nf2 f5 27.
Kf1 Kd6 28. Ke2 Bc3 29. Bc1 Nc5 30. Nd3 Bd4 31. Bh6 Ke7 32. Bf4 Nxd3 33. Kxd3
e5 34. Bg5+ Kd7 35. Be3 Bxe3 36. Kxe3 Kd6 37. Bb1 Kc5 38. g4 f4+ 39. Ke2 Kd4
40. h4 Be8 41. Kd2 Bf7 42. Be4 Be8 43. Bd5 a4 44. g5 a3 45. Be4 Bd7 46. Bd5 Bf5
47. Kc1 Ke3 48. Bc6 e4 49. Bxe4 Bxe4 50. fxe4 f3 0-1

[Event "4NCL Online Division 2"]
[Site "online"]
[Date "2020.05.26"]
[Round "8.133"]
[White "Venkatesan, Kavin"]
[Black "Vidruska, Renate"]
[Result "1/2-1/2"]
[WhiteElo "1971"]
[BlackElo "2045"]
[PlyCount "122"]
[EventDate "2020.05.26"]
[WhiteTeam "St Benildus A"]
[BlackTeam "Catford Cosmonauts 1"]

1. d4 Nf6 2. c4 e6 3. Nc3 Bb4 4. Bg5 h6 5. Bh4 b6 6. f3 c5 7. d5 exd5 8. cxd5
O-O 9. e4 Re8 10. Nge2 d6 11. a3 Bxc3+ 12. Nxc3 Nxe4 13. Nxe4 Qxh4+ 14. g3
Rxe4+ 15. fxe4 Qxe4+ 16. Qe2 Qxh1 17. Qe8+ Kh7 18. Qxc8 Qe4+ 19. Kd2 Qxd5+ 20.
Bd3+ g6 21. Rf1 Kg7 22. Re1 c4 23. Qxc4 Qxc4 24. Bxc4 Nc6 25. Rc1 Ne5 26. Bd5
Rd8 27. Ke3 Kh7 28. Rc7 Kg8 29. Rxa7 Rb8 30. a4 Kf8 31. b4 Rc8 32. Kd2 Ke8 33.
Rb7 Ra8 34. Bb3 Nd7 35. a5 bxa5 36. Ba4 axb4 37. Bxd7+ Kd8 38. Bc6 Ra2+ 39. Ke3
Rxh2 40. Rxf7 b3 41. Rd7+ Kc8 42. Rxd6 b2 43. Be4 g5 44. Rb6 Kc7 45. Rb7+ Kd6
46. Kf3 Kc5 47. g4 Kd4 48. Bb1 Kc3 49. Rc7+ Kb3 50. Rb7+ Kc3 51. Rc7+ Kb3 52.
Rb7+ Kc3 53. Ke3 h5 54. Rc7+ Kb3 55. Rb7+ Kc3 56. Rc7+ Kb3 57. Rb7+ Kc3 58.
Rc7+ Kb3 59. Rb7+ Kc3 60. Rc7+ Kb3 61. Rb7+ Kc3 1/2-1/2

[Event "4NCL Online Division 2"]
[Site "online"]
[Date "2020.05.26"]
[Round "8.134"]
[White "Kolomvas, Dimitrios"]
[Black "McHugh, Kevin"]
[Result "1/2-1/2"]
[WhiteElo "2087"]
[BlackElo "2013"]
[PlyCount "148"]
[EventDate "2020.05.26"]
[WhiteTeam "Catford Cosmonauts 1"]
[BlackTeam "St Benildus A"]

1. Nf3 Nf6 2. g3 g6 3. Bg2 Bg7 4. O-O O-O 5. d4 d5 6. c4 c6 7. cxd5 cxd5 8. Ne5
Nbd7 9. Nd3 b6 10. Nc3 Bb7 11. Bf4 Rc8 12. Rc1 e6 13. Qb3 Ne8 14. Nb5 a6 15.
Nd6 Nxd6 16. Bxd6 Re8 17. Rxc8 Bxc8 18. e3 Nf6 19. Be5 Nd7 20. Bxg7 Kxg7 21.
Rc1 b5 22. Qc3 Nb6 23. Qc7 Nc4 24. Qxd8 Rxd8 25. b3 Nd6 26. Ne5 Ne8 27. Rc6 Bb7
28. Rb6 Bc8 29. Bf1 f6 30. Nd3 Rd6 31. Rb8 Rc6 32. Nc5 Nd6 33. a4 bxa4 34. bxa4
Ne4 35. Nxe4 dxe4 36. Ra8 h5 37. h4 g5 38. hxg5 fxg5 39. Bg2 Kf6 40. Bxe4 Rc1+
41. Kg2 Rc3 42. Kf1 h4 43. gxh4 gxh4 44. Ke2 Rc7 45. f4 h3 46. Kf2 Rc3 47. Bf3
Rc2+ 48. Kg3 h2 49. Bg2 Rxg2+ 50. Kxg2 Bb7+ 51. Kxh2 Bxa8 52. Kg3 Kf5 53. Kf2
Ke4 54. Ke2 Bc6 55. a5 Bb5+ 56. Kd2 Bf1 57. Kc3 Bb5 58. Kb4 Kxe3 59. Kc5 Kxf4
60. d5 exd5 61. Kxd5 Ke3 62. Kc5 Kd3 63. Kb4 Kd4 64. Ka3 Kc3 65. Ka2 Kb4 66.
Ka1 Kxa5 67. Kb1 Kb4 68. Ka1 Kc3 69. Kb1 Bc4 70. Ka1 a5 71. Kb1 a4 72. Ka1 a3
73. Kb1 a2+ 74. Ka1 Kc2 1/2-1/2

[Event "4NCL Online Division 2"]
[Site "online"]
[Date "2020.05.26"]
[Round "8.141"]
[White "Keane, Graham D J"]
[Black "Cooper, Lawrence H"]
[Result "1/2-1/2"]
[WhiteElo "2161"]
[BlackElo "2331"]
[PlyCount "87"]
[EventDate "2020.05.26"]
[WhiteTeam "Streatham A"]
[BlackTeam "Wood Green Youth"]

1. d4 Nf6 2. Bf4 e6 3. Nf3 c5 4. e3 b6 5. Nbd2 Be7 6. c3 Bb7 7. Bd3 cxd4 8.
exd4 O-O 9. O-O a6 10. a4 d6 11. Qe2 Nbd7 12. h3 Re8 13. Rad1 Bf8 14. Ne4 Nxe4
15. Bxe4 Bxe4 16. Qxe4 Nf6 17. Qd3 Qd7 18. Qc2 b5 19. Ra1 Qc6 20. Rfe1 Rec8 21.
axb5 axb5 22. Qe2 Qc4 23. Qxc4 bxc4 24. Nd2 d5 25. f3 Nd7 26. Reb1 Nb6 27. Rxa8
Rxa8 28. b3 cxb3 29. Rxb3 Na4 30. Nb1 Be7 31. Kf1 h6 32. Rb8+ Rxb8 33. Bxb8 Kf8
34. Ke2 Nb2 35. Bf4 h5 36. Bc1 Nc4 37. Nd2 Nxd2 38. Bxd2 Ke8 39. g4 g6 40. f4
hxg4 41. hxg4 f5 42. g5 Kd7 43. Kd3 Kc6 44. c4 1/2-1/2

[Event "4NCL Online Division 2"]
[Site "online"]
[Date "2020.05.26"]
[Round "8.142"]
[White "Fitzsimons, David"]
[Black "Hodgson, John H"]
[Result "1-0"]
[WhiteElo "2334"]
[BlackElo "2117"]
[PlyCount "53"]
[EventDate "2020.05.26"]
[WhiteTeam "Wood Green Youth"]
[BlackTeam "Streatham A"]

1. e4 c5 2. Nf3 e6 3. g3 d5 4. exd5 exd5 5. d4 Nf6 6. Bg2 Be7 7. O-O O-O 8. Nc3
Nc6 9. dxc5 Bxc5 10. Bg5 Be6 11. Ne1 d4 12. Bxf6 Qxf6 13. Ne4 Qe7 14. Nd3 Bb6
15. Qh5 f6 16. Rae1 Bf7 17. Qb5 Qc7 18. Nec5 a6 19. Qa4 Bxc5 20. Nxc5 b5 21.
Qa3 Ne5 22. Bxa8 Rxa8 23. f4 Nc4 24. Qf3 Rd8 25. Ne6 Bxe6 26. Rxe6 Nd2 27. Qe2
1-0

[Event "4NCL Online Division 2"]
[Site "online"]
[Date "2020.05.26"]
[Round "8.143"]
[White "Bennett, John M"]
[Black "Stepanyan, Henrik"]
[Result "0-1"]
[WhiteElo "1995"]
[BlackElo "2237"]
[PlyCount "34"]
[EventDate "2020.05.26"]
[WhiteTeam "Streatham A"]
[BlackTeam "Wood Green Youth"]

1. d4 d5 2. c4 e6 3. Nf3 c5 4. e3 Nc6 5. a3 cxd4 6. exd4 Nf6 7. Nc3 Be7 8. c5
O-O 9. Bd3 b6 10. b4 bxc5 11. bxc5 e5 12. dxe5 Ng4 13. Bf4 Qa5 14. Rc1 d4 15.
Nxd4 Nxd4 16. Bxh7+ Kxh7 17. Qxd4 Bf5 0-1

[Event "4NCL Online Division 2"]
[Site "online"]
[Date "2020.05.26"]
[Round "8.144"]
[White "Ashworth, Michael"]
[Black "Horton, Justin"]
[Result "1/2-1/2"]
[WhiteElo "2185"]
[BlackElo "2058"]
[PlyCount "68"]
[EventDate "2020.05.26"]
[WhiteTeam "Wood Green Youth"]
[BlackTeam "Streatham A"]

1. d4 d5 2. c4 dxc4 3. Nf3 Nf6 4. e3 e6 5. Bxc4 c5 6. O-O a6 7. dxc5 Bxc5 8.
Qxd8+ Kxd8 9. Rd1+ Ke7 10. Nc3 Nbd7 11. a3 b5 12. Be2 Bb7 13. b4 Bd6 14. Bb2
Rhd8 15. Rac1 Rac8 16. Nb1 Nb6 17. Bd4 Na4 18. Ne5 Bd5 19. Nc3 Nxc3 20. Rxc3
Ne4 21. Rcc1 f6 22. Nd3 Bb3 23. Rxc8 Rxc8 24. Rc1 Rxc1+ 25. Nxc1 Bd5 26. f3 Nd2
27. e4 Bc4 28. Bd3 Bxd3 29. Nxd3 Nc4 30. Bb2 Kd7 31. Bc1 Kc6 32. g3 f5 33. Kf2
a5 34. Ke2 axb4 1/2-1/2

[Event "4NCL Online Division 2"]
[Site "online"]
[Date "2020.05.26"]
[Round "8.151"]
[White "Salmons, Calum"]
[Black "White, Russell P"]
[Result "1/2-1/2"]
[WhiteElo "2065"]
[BlackElo "2117"]
[PlyCount "128"]
[EventDate "2020.05.26"]
[WhiteTeam "Sussex Starlings"]
[BlackTeam "Anglian Avengers 2"]

1. e4 e5 2. Nf3 Nc6 3. d4 exd4 4. Bc4 d6 5. Nxd4 Be7 6. O-O Bf6 7. Be3 Nge7 8.
c3 O-O 9. Nd2 a6 10. Bb3 Ne5 11. h3 b5 12. Qe2 c5 13. N4f3 c4 14. Bc2 Bb7 15.
Nd4 Re8 16. Rad1 Qc7 17. f4 Nd7 18. N2f3 Nc5 19. e5 Nd5 20. exf6 Rxe3 21. Qf2
g6 22. Nxb5 axb5 23. Rxd5 Rxf3 24. Qxf3 Nd7 25. Qd1 Bxd5 26. Qxd5 Qc5+ 27. Qxc5
dxc5 28. a3 Nxf6 29. f5 Kg7 30. fxg6 hxg6 31. Rd1 b4 32. cxb4 cxb4 33. axb4 Ra2
34. Rb1 c3 35. b5 Nd7 36. Kf2 Kf6 37. Ke3 Ke5 38. Kd3 cxb2 39. Bb3 Ra5 40. Kc4
Kd6 41. Kb4 Ra7 42. Bxf7 Ne5 43. Bc4 Nxc4 44. Kxc4 Ra4+ 45. Kb3 Ra5 46. Kb4 Ra2
47. h4 Kc7 48. g4 Kb6 49. h5 gxh5 50. gxh5 Ra1 51. Rxb2 Rh1 52. Rc2 Rh4+ 53.
Rc4 Rxh5 54. Rc6+ Kb7 55. Ka5 Rh1 56. Rb6+ Ka7 57. Ra6+ Kb7 58. Kb4 Rb1+ 59.
Kc4 Rc1+ 60. Kb4 Rb1+ 61. Kc4 Rc1+ 62. Kd5 Rd1+ 63. Kc5 Rc1+ 64. Kd6 Rd1+
1/2-1/2

[Event "4NCL Online Division 2"]
[Site "online"]
[Date "2020.05.26"]
[Round "8.152"]
[White "Player, Edmund C"]
[Black "Gray, Edward"]
[Result "1-0"]
[WhiteElo "2172"]
[BlackElo "2012"]
[PlyCount "145"]
[EventDate "2020.05.26"]
[WhiteTeam "Anglian Avengers 2"]
[BlackTeam "Sussex Starlings"]

1. e4 d6 2. d4 Nf6 3. Nc3 Nbd7 4. Nge2 e5 5. g3 Be7 6. Bg2 c6 7. O-O Qc7 8. h3
h6 9. Be3 Nf8 10. f4 g5 11. fxg5 hxg5 12. Bxg5 N8h7 13. Be3 Rg8 14. Qd2 exd4
15. Bxd4 Be6 16. Rf2 O-O-O 17. Raf1 Qd7 18. Kh2 Nh5 19. Qh6 c5 20. Qxh5 cxd4
21. Nxd4 Rh8 22. Nxe6 fxe6 23. Qa5 Kb8 24. h4 Nf8 25. Bh3 Ng6 26. Nb5 b6 27.
Qb4 Nxh4 28. gxh4 Rxh4 29. Rf3 d5 30. Qb3 Bd6+ 31. Nxd6 Qxd6+ 32. Rg3 Rdh8 33.
Kg2 Rxe4 34. Rf2 Rc8 35. Qf3 Qe5 36. c3 Rcc4 37. Qf7 Rc8 38. Rg7 Rc7 39. Qxc7+
Qxc7 40. Rxc7 Kxc7 41. Kf3 e5 42. Bg2 Rh4 43. Ke3 Kd6 44. Rf6+ Kc5 45. b4+ Kc4
46. Rc6+ Kb5 47. Bxd5 Rh2 48. Rc7 a5 49. Bc6+ Kc4 50. Ba4+ Kd5 51. Bb3+ Kd6 52.
Rf7 Rh3+ 53. Rf3 Rh2 54. Rf6+ Kc7 55. bxa5 bxa5 56. Ra6 Rh3+ 57. Ke4 Rxc3 58.
Rxa5 Rc1 59. Rxe5 Kd6 60. Rd5+ Kc6 61. Kd3 Rg1 62. Re5 Kb6 63. Kc3 Rg3+ 64. Kb4
Rg4+ 65. Bc4 Rh4 66. Re6+ Kb7 67. a4 Kc7 68. Kc5 Kd7 69. Rf6 Kc7 70. Rf7+ Kb8
71. Bb5 Rh5+ 72. Kb6 Rh6+ 73. Bc6 1-0